| 000 | 01487 a2200229 4500 | ||
|---|---|---|---|
| 001 | 41223 | ||
| 005 | 20260407155706.0 | ||
| 008 | 260407a2003 arg spa d | ||
| 003 | AR-UNSa-BCEJYS | ||
| 040 |
_aAR-UNSa-BCEJYS _bspa _cAR-UNSa-BCEJYS |
||
| 080 |
_a347.7 _xDerecho Mercantil. Derecho Comercial |
||
| 245 | 1 | 0 | _aManual económico jurídico de la empresa y de las inversiones extranjeras |
| 020 | _a950-894-379-3 | ||
| 264 | 1 |
_aBuenos Aires : _bAD-HOC _c2003 |
|
| 300 |
_a432 p. _c23 cm. |
||
| 505 | _aPRIMERA PARTE: La empresa y el régimen de inversiones extranjeras en la Argentina - 1. Panorama general económico y financiero - 2. Régimen general de inversiones extranjeras - 3. Aspectos de la regulación del régimen societario en la República Argentina - 4. Aspectos tributarios y de control - 5. Documentación y contabilidad - 6. El régimen de las relaciones laborales en la República Argentina - 7. Procedimientos empresarios de crisis y las inversiones extranjeras - 8. Aspectos económicos y financieros - 9. La intervención del Estado en las relaciones entre particulares y el "derecho de la emergencia" -- SEGUNDA PARTE: El régimen de defensa de la competencia en la Argentina: 10. Régimen general de defensa de la competencia - | ||
| 041 | _aspa | ||
| 942 | _cBK | ||
| 590 | _aniveau_biblio:m niveau_hierar:0 | ||
| 100 | 1 | _aVítolo, Daniel Roque | |
| 856 | 4 | 1 |
_uhttps://biblioeco.unsa.edu.ar/pmb/images/libros/L126468.jpg _yImagen de portada _qimage/jpeg |
| 999 |
_c3436 _d3436 |
||